| 000 | 01045nam a22003377a 4500 | ||
|---|---|---|---|
| 003 | CHAP | ||
| 005 | 20230613062623.0 | ||
| 008 | 000228d1999 it a rn 00110 spa d | ||
| 010 | _a80147 | ||
| 011 | _a81119 | ||
| 020 | _a9253043431 | ||
| 035 | _a91581 | ||
| 040 | _cCHAP | ||
| 082 | 0 | 4 |
_a607 _bF36Y |
| 110 | 2 | _aFAO | |
| 245 | 1 | 3 |
_aLa asistencia técnica de la FAO en el área del comercio internacional y la información _c/por FAO |
| 260 |
_aRome : _bFAO, _c1999. |
||
| 300 |
_a24 p. : _bilus. |
||
| 590 |
_aBATCH-UPD _b10 _c20130110 _lUCH01 _h1001 |
||
| 590 |
_aBATCH-UPD _b10 _c20130410 _lUCH01 _h0612 |
||
| 590 |
_aBATCH-UPD _b10 _c20130914 _lUCH01 _h0503 |
||
| 590 |
_aCONVERSION _b10 _c20130109 _lUCH01 _h1344 |
||
| 650 | 1 | 4 |
_aAyuda económica. _99033 |
| 650 | 1 | 4 |
_aAyuda técnica. _99035 |
| 650 | 1 | 7 |
_aCooperación internacional _2 _927771 |
| 650 | 1 | 4 |
_aProductos agrícolas _xMercadeo. _991951 |
| 901 | _aBK | ||
| 905 | _aPatricia Mendoza P. | ||
| 942 | _cLIBRO | ||
| 949 |
_a607 F36Y _bBC _cFAO _d33724000758157 _eFAO1 _h97352 _i91581 _sb |
||
| 999 |
_c80147 _d80147 |
||